| 000 | 00623nam a2200205 a 4500 | ||
|---|---|---|---|
| 008 | 951211s1981||||[C 0 slo c | ||
| 020 |
_c13,50 Kčs. _q(5000 výtl.) |
||
| 040 |
_aSNK _bslo _cSNK _eAACR2 |
||
| 041 | 1 |
_aslo _hslo |
|
| 044 |
_axo _cSK |
||
| 080 | _a885.4-7 | ||
| 100 | 1 |
_aFleischhacker, Pavel _4aut |
|
| 245 | 1 | 0 |
_aModranské biele _cPavel Fleischhacker ; Ivan Riabič |
| 250 | _a1., vyd. | ||
| 260 |
_aMartin _bOsveta _c1981 _eBanská Bystrica _fTlačiarne SNP |
||
| 300 |
_a107 s., 5,17 AH _c21 cm |
||
| 500 | _aIlustr. na front. Slovník nárečových slov. | ||
| 700 | 1 |
_aRiabič, Ivan _4bkd |
|
| 958 | _aA | ||
| 999 |
_c10566 _d10566 |
||